| 000 | 01145nam a22003497a 4500 | ||
|---|---|---|---|
| 001 | 0051315 | ||
| 003 | KOHA_MİRAKIL | ||
| 005 | 20260207003801.0 | ||
| 007 | ta | ||
| 008 | 150629b2003 tu |||gr||||#||||0|tur | | ||
| 020 |
_a9789756360026 _q c.1 _q 9789756360033 _q c.2 |
||
| 040 |
_aTR-BiSEU _btur _cTR-BiSEU _erda |
||
| 041 | 0 | _atur | |
| 044 | _ctu | ||
| 050 |
_aQ128 _b.S29 2003 |
||
| 100 | 1 | _aSayar, Salih Zeki. | |
| 245 | 1 |
_aAsâr-ı bâkiye : _bOrtaçağ islam dünyası'nda hesap ve cebir/ _cSalih Zeki Sayar ; Salih Zeki Sayar; Yayına Hazırlayan Remzi Demir, Yavuz Unat. |
|
| 264 | 1 |
_aAnkara : _bNobel _c2003 |
|
| 300 | _a3 cilt; 20 cm. | ||
| 336 |
_ametin _btxt _2rdacontent |
||
| 337 |
_aaracısız _bn _2rdamedia |
||
| 338 |
_acilt _bnc _2rdacarrier |
||
| 490 | 1 |
_aBabil ; _v4. |
|
| 490 | 1 |
_aKlasik ; _v2. |
|
| 650 | 0 |
_aScience--Islamic Empire--History. _961890 |
|
| 650 | 0 |
_aTrigonometry--Islamic Empire--History. _995344 |
|
| 650 | 0 |
_aAlgebra--Islamic Empire--History. _995345 |
|
| 650 | 0 |
_aMuslim scientists--Biography. _995346 |
|
| 830 | 1 |
_aBabil ; _v4. _949563 |
|
| 830 | 1 |
_aKlasik ; _v2. _99277 |
|
| 942 |
_2lcc _cBK |
||
| 999 |
_c51139 _d51139 |
||